000 00719nam a2200181 a 4500
001 000042196
005 20201002040011.0
008 131119s1984 sp 000 0 spa d
020 _a8460033171
040 _aDO-SdBNP
_bspa
_cBNPHU
100 1 _aMaluquer de Motes, Juan
_d1915-1988
_969205
245 1 3 _aLa Necrópolis de la Loma de Peinado Casillas de Martos (Jaén) /.
260 _aBarcelona :
_bUniversidad, Departamento de Prehistoria y Arqueología,
_c1984.
300 _a191, VI p. :
_bil. ;
_c30 cm.
490 1 _aPrograma de investigaciones protohistóricas
_v6
504 _aIncluye referencias bibliográficas y notas al pie de las páginas
830 0 _aPrograma de investigaciones protohistóricas
_v6
_969206
999 _c41685
_d41685